[Event "2. Bundesliga Ost 2019/2020"]
[Site "alle Wien"]
[Date "2019.10.19"]
[Round "1"]
[Board "1"]
[White "Hangweyrer, Manfred"]
[Black "Schroll, Gerhard"]
[Result "1/2-1/2"]
[WhiteElo "2347"]
[BlackElo "2317"]
[PlyCount "113"]
[EventDate "2019.10.19"]
[EventType "team"]
[EventRounds "11"]
[EventCountry "AUT"]
[WhiteTeam "SK Austria Wien"]
[BlackTeam "ASVOE Mattersburg"]

1. e4 Nf6 2. d3 d5 3. Nd2 e5 4. Ngf3 Nc6 5. c3 a5 6. Be2 Bc5 7. O-O O-O 8. b3
Re8 9. a3 d4 10. Bb2 dxc3 11. Bxc3 Nd4 12. Nxd4 Bxd4 13. Qc2 c6 14. Nf3 Bxc3
15. Qxc3 Bg4 16. h3 Bxf3 17. Bxf3 Qd6 18. b4 axb4 19. axb4 Rad8 20. Be2 Nd7 21.
Ra7 Qb8 22. Rfa1 Nf8 23. Bg4 g6 24. h4 h5 25. Bh3 Rd4 26. Qc5 Rxd3 27. Ra8 Qxa8
28. Rxa8 Rxa8 29. Qxe5 Ra4 30. Qe7 Rd4 31. Qxb7 Rxe4 32. Qxc6 Raxb4 33. g3 Re1+
34. Kg2 Re2 35. Qc5 Rbb2 36. Qd4 Rbc2 37. Qb6 Ne6 38. Kg1 Kg7 39. Bxe6 Rxe6 40.
Qd4+ Rf6 41. f3 Rcc6 42. Kg2 Kh7 43. Qb2 Rb6 44. Qd2 Rb3 45. f4 Rfb6 46. Qd5
Rb2+ 47. Kh3 Rb7 48. f5 R2b5 49. fxg6+ fxg6 50. Qc6 Rb2 51. Qd5 Re7 52. Qf3
Rbb7 53. Qf8 Re1 54. Qf3 Rbe7 55. Qf6 R1e3 56. Qd4 Re1 57. Qf6  1/2-1/2

[Event "2. Bundesliga Ost 2019/2020"]
[Site "alle Wien"]
[Date "2019.10.19"]
[Round "1"]
[Board "2"]
[White "Wukits, Rene"]
[Black "Sardy, Peter"]
[Result "1/2-1/2"]
[WhiteElo "2279"]
[BlackElo "2352"]
[PlyCount "88"]
[EventDate "2019.10.19"]
[EventType "team"]
[EventRounds "11"]
[EventCountry "AUT"]
[WhiteTeam "ASVOE Mattersburg"]
[BlackTeam "SK Austria Wien"]

1. d4 d6 2. c4 g6 3. Nc3 Bg7 4. e4 Nf6 5. Be2 Nbd7 6. Nf3 O-O 7. O-O e5 8. d5
Nc5 9. Qc2 a5 10. Bg5 h6 11. Be3 Ne8 12. Nd2 f5 13. exf5 gxf5 14. f4 b6 15. Nf3
Qe7 16. Rae1 Nf6 17. Bxc5 bxc5 18. fxe5 dxe5 19. Nh4 Ng4 20. Ng6 Qg5 21. Bxg4
Qxg6 22. Bh3 e4 23. Kh1 Qg5 24. Ne2 Be5 25. g3 a4 26. Nf4 Rb8 27. Rb1 Rb4 28.
b3 axb3 29. Rxb3 Rxb3 30. Qxb3 Qf6 31. Qd1 Bxf4 32. Rxf4 Qe5 33. Bf1 Kg7 34.
Qh5 Bd7 35. Rg4+ Kf6 36. Qxh6+ Kf7 37. Qh7+ Ke8 38. Rg8 Rxg8 39. Qxg8+ Ke7 40.
Qg5+ Kf8 41. Qf4 Qa1 42. Kg1 Ke7 43. Qg5+ Kd6 44. Qf4+ Ke7  1/2-1/2

[Event "2. Bundesliga Ost 2019/2020"]
[Site "alle Wien"]
[Date "2019.10.19"]
[Round "1"]
[Board "3"]
[White "Newrkla, Katharina"]
[Black "Brod, Manfred"]
[Result "1/2-1/2"]
[WhiteElo "2217"]
[BlackElo "2217"]
[PlyCount "36"]
[EventDate "2019.10.19"]
[EventType "team"]
[EventRounds "11"]
[EventCountry "AUT"]
[WhiteTeam "SK Austria Wien"]
[BlackTeam "ASVOE Mattersburg"]

1. d4 d5 2. c4 dxc4 3. e4 Nf6 4. e5 Nd5 5. Bxc4 Nb6 6. Bb3 Nc6 7. Nf3 Bf5 8.
O-O e6 9. Nc3 Qd7 10. Be3 O-O-O 11. Bc2 Bg4 12. Be4 f5 13. exf6 gxf6 14. Rc1 f5
15. Bxc6 Qxc6 16. Ne5 Bxd1 17. Nxc6 bxc6 18. Rfxd1 Nd5  1/2-1/2

[Event "2. Bundesliga Ost 2019/2020"]
[Site "alle Wien"]
[Date "2019.10.19"]
[Round "1"]
[Board "4"]
[White "Strodl, Joachim"]
[Black "Wagner, Gregor"]
[Result "0-1"]
[WhiteElo "2165"]
[BlackElo "2168"]
[PlyCount "60"]
[EventDate "2019.10.19"]
[EventType "team"]
[EventRounds "11"]
[EventCountry "AUT"]
[WhiteTeam "ASVOE Mattersburg"]
[BlackTeam "SK Austria Wien"]

1. c4 e6 2. g3 d5 3. Bg2 Nf6 4. Nf3 Be7 5. O-O O-O 6. b3 c5 7. cxd5 exd5 8. Bb2
d4 9. Na3 Nc6 10. Nc4 Be6 11. d3 Rc8 12. Rc1 b5 13. Ncd2 Qd7 14. Ng5 Bd5 15.
Bh3 Ng4 16. e4 dxe3 17. Bxg4 f5 18. fxe3 Bxg5 19. e4 fxg4 20. exd5 Be3+ 21. Kg2
Rxf1 22. Kxf1 Qxd5 23. Qxg4 Rf8+ 24. Ke2 Qg2+ 25. Kxe3 Qf2+ 26. Ke4 Re8+ 27.
Kd5 Nb4+ 28. Kd6 Qf8+ 29. Kc7 Qe7+ 30. Qd7 Na6+  0-1

[Event "2. Bundesliga Ost 2019/2020"]
[Site "alle Wien"]
[Date "2019.10.19"]
[Round "1"]
[Board "5"]
[White "Wiedermann, Franz"]
[Black "Salamon, Werner"]
[Result "1/2-1/2"]
[WhiteElo "2114"]
[BlackElo "2149"]
[PlyCount "68"]
[EventDate "2019.10.19"]
[EventType "team"]
[EventRounds "11"]
[EventCountry "AUT"]
[WhiteTeam "SK Austria Wien"]
[BlackTeam "ASVOE Mattersburg"]

1. d4 Nf6 2. c4 e6 3. g3 d5 4. Nf3 Be7 5. Bg2 O-O 6. O-O Nbd7 7. Qc2 c5 8. cxd5
exd5 9. Rd1 Qb6 10. Nc3 Rd8 11. Bg5 c4 12. Ne5 Nxe5 13. dxe5 Ng4 14. Bxe7 Qxf2+
15. Kh1 Ne3 16. Qe4 Bh3 17. Bxh3 dxe4 18. Rxd8+ Rxd8 19. Bxd8 h6 20. Be7 b6 21.
Rg1 g5 22. Bg2 Ng4 23. Nxe4 Qxe2 24. Nf6+ Nxf6 25. Bxf6 Qxb2 26. Rd1 Qe2 27.
Rd8+ Kh7 28. h3 c3 29. g4 c2 30. Rh8+ Kg6 31. Rg8+ Kh7 32. Rg7+ Kh8 33. Rxg5+
Kh7 34. Rg7+ Kh8  1/2-1/2

[Event "2. Bundesliga Ost 2019/2020"]
[Site "alle Wien"]
[Date "2019.10.19"]
[Round "1"]
[Board "6"]
[White "Wiedner, Robert"]
[Black "Pernerstorfer, Johannes"]
[Result "1-0"]
[WhiteElo "2113"]
[BlackElo "2041"]
[PlyCount "59"]
[EventDate "2019.10.19"]
[EventType "team"]
[EventRounds "11"]
[EventCountry "AUT"]
[WhiteTeam "ASVOE Mattersburg"]
[BlackTeam "SK Austria Wien"]

1. Nf3 d5 2. b3 c5 3. e3 Bg4 4. h3 Bxf3 5. Qxf3 Nc6 6. Bb2 Nf6 7. g4 e6 8. Bg2
h6 9. d3 Bd6 10. Qe2 O-O 11. h4 Nh7 12. Nd2 Be5 13. Bxe5 Nxe5 14. f4 Ng6 15. g5
Re8 16. gxh6 Qf6 17. O-O-O gxh6 18. Qh5 Ne7 19. Nf3 Nf5 20. Bh3 Nxe3 21. Rdg1+
Kf8 22. Qe5 Nf5 23. Bxf5 exf5 24. Qxd5 Qc6 25. Qxf5 Qxf3 26. Qxh7 Qxf4+ 27. Kb1
Qf6 28. Rg8+ Ke7 29. Qe4+ Kd7 30. Qxb7+  1-0

[Event "2. Bundesliga Ost 2019/2020"]
[Site "alle Wien"]
[Date "2019.10.19"]
[Round "1"]
[Board "1"]
[White "Froewis, Georg"]
[Black "Stanec, Nikolaus"]
[Result "1/2-1/2"]
[WhiteElo "2432"]
[BlackElo "2511"]
[PlyCount "115"]
[EventDate "2019.10.19"]
[EventType "team"]
[EventRounds "11"]
[EventCountry "AUT"]
[WhiteTeam "mpimmo Wien - SK Ottakring"]
[BlackTeam "SC Donaustadt"]

1. Nf3 Nf6 2. c4 g6 3. Nc3 Bg7 4. e4 d6 5. d4 O-O 6. Be2 c5 7. O-O cxd4 8. Nxd4
Nc6 9. Be3 Bd7 10. Nc2 Rc8 11. f3 Ne5 12. Na3 a6 13. Qd2 Bc6 14. Rfd1 Ned7 15.
Rac1 Re8 16. Nc2 Ne5 17. Nb4 Qa5 18. a3 Ba4 19. Nxa4 Qxa4 20. c5 dxc5 21. Bxc5
e6 22. Bd4 Nc6 23. Nxc6 Rxc6 24. Rxc6 Qxc6 25. Rc1 Nxe4 26. Rxc6 Nxd2 27. Rd6
Bxd4+ 28. Rxd4 Nb3 29. Rb4 Nc1 30. Bf1 b5 31. a4 Na2 32. Rb3 bxa4 33. Ra3 Nb4
34. Rxa4 Rb8 35. Bxa6 Nxa6 36. Rxa6 Rxb2 37. h4 Rb4 38. g3 Rb2 39. f4 h5 40.
Ra7 Rd2 41. Rb7 Kf8 42. Ra7 Ke8 43. Rb7 Rd7 44. Rb3 Ke7 45. Kf2 f6 46. Rb6 Kf7
47. Rb5 Re7 48. Kf3 e5 49. fxe5 Rxe5 50. Rb7+ Ke6 51. Rb6+ Kf5 52. Rb3 Rc5 53.
Ra3 g5 54. hxg5 fxg5 55. g4+ hxg4+ 56. Kg3 Rc4 57. Ra5+ Kg6 58. Ra8  1/2-1/2

[Event "2. Bundesliga Ost 2019/2020"]
[Site "alle Wien"]
[Date "2019.10.19"]
[Round "1"]
[Board "2"]
[White "Pingitzer, Harald"]
[Black "Peyrer, Konstantin"]
[Result "1/2-1/2"]
[WhiteElo "2334"]
[BlackElo "2286"]
[PlyCount "86"]
[EventDate "2019.10.19"]
[EventType "team"]
[EventRounds "11"]
[EventCountry "AUT"]
[WhiteTeam "SC Donaustadt"]
[BlackTeam "mpimmo Wien - SK Ottakring"]

1. Nf3 Nf6 2. g3 g6 3. Bg2 Bg7 4. O-O O-O 5. d4 d6 6. b3 c5 7. Bb2 Nc6 8. c4
cxd4 9. Nxd4 Bd7 10. Nc3 Qa5 11. e3 Rfc8 12. Re1 a6 13. Nd5 Nxd5 14. Nxc6 bxc6
15. Bxg7 Kxg7 16. cxd5 cxd5 17. Bxd5 Bc6 18. e4 e6 19. Bxc6 Rxc6 20. Qd4+ e5
21. Qd3 Rac8 22. Re2 Qc3 23. Qxc3 Rxc3 24. Rd2 Rc1+ 25. Rxc1 Rxc1+ 26. Kg2 Rc6
27. Rd5 f5 28. exf5 gxf5 29. f4 Kf6 30. fxe5+ dxe5 31. Ra5 Kg5 32. Rxe5 Rc2+
33. Kh3 Rxa2 34. g4 Rf2 35. Kg3 Rf1 36. h3 h5 37. Kg2 Rf4 38. Kg3 Rf1 39. gxh5
Rg1+ 40. Kh2 Rb1 41. h6 Rb2+ 42. Kg1 Rxb3 43. h4+ Kxh6  1/2-1/2

[Event "2. Bundesliga Ost 2019/2020"]
[Site "alle Wien"]
[Date "2019.10.19"]
[Round "1"]
[Board "4"]
[White "Sandhu, Mario"]
[Black "Steindl, Johannes"]
[Result "1-0"]
[WhiteElo "2271"]
[BlackElo "2278"]
[PlyCount "107"]
[EventDate "2019.10.19"]
[EventType "team"]
[EventRounds "11"]
[EventCountry "AUT"]
[WhiteTeam "SC Donaustadt"]
[BlackTeam "mpimmo Wien - SK Ottakring"]

1. Nf3 d5 2. e3 Nf6 3. b3 c5 4. Bb2 e6 5. Bb5+ Bd7 6. Bxd7+ Nbxd7 7. O-O Bd6 8.
d3 O-O 9. Nbd2 Qc7 10. Qe2 Rfe8 11. e4 Bf4 12. Rfe1 d4 13. g3 Bh6 14. c3 e5 15.
cxd4 cxd4 16. Rec1 Qa5 17. h4 Rac8 18. Rxc8 Rxc8 19. Nc4 Qc7 20. a4 Ne8 21. Ng5
Nc5 22. Ba3 f6 23. Bxc5 Qxc5 24. Qg4 g6 25. Qe6+ Kh8 26. Nf7+ Kg7 27. Nfd6 Nxd6
28. Nxd6 Rf8 29. Qe7+ Kg8 30. Qe6+ Kh8 31. Nf7+ Kg7 32. Nxh6 Kxh6 33. Qc4 Qxc4
34. bxc4 g5 35. Rb1 Rf7 36. hxg5+ Kxg5 37. Rb5 Re7 38. Kg2 Kh5 39. Kh3 Kg5 40.
f4+ Kh5 41. Rd5 Kg6 42. Kg4 b6 43. Rd6 exf4 44. gxf4 Rc7 45. Rxd4 Rc5 46. f5+
Kh6 47. Rd5 Rc7 48. Kf4 Kg7 49. a5 bxa5 50. Rxa5 Rd7 51. c5 Rxd3 52. Rxa7+ Kg8
53. c6 Rd8 54. Rd7  1-0

[Event "2. Bundesliga Ost 2019/2020"]
[Site "alle Wien"]
[Date "2019.10.19"]
[Round "1"]
[Board "5"]
[White "Atzl, Florian"]
[Black "Hansen, Kay"]
[Result "1/2-1/2"]
[WhiteElo "2175"]
[BlackElo "2145"]
[PlyCount "68"]
[EventDate "2019.10.19"]
[EventType "team"]
[EventRounds "11"]
[EventCountry "AUT"]
[WhiteTeam "mpimmo Wien - SK Ottakring"]
[BlackTeam "SC Donaustadt"]

1. e4 c6 2. d4 d5 3. exd5 cxd5 4. c4 Nf6 5. Nc3 Nc6 6. Bg5 dxc4 7. Nf3 e6 8.
Bxc4 Be7 9. O-O O-O 10. Qd2 a6 11. a4 b6 12. Rfd1 Bb7 13. Ne5 Nb4 14. Rac1 Ne4
15. Bxe7 Qxe7 16. Qe3 Nf6 17. Qg5 Rfd8 18. Ne2 Nfd5 19. Qg4 Rac8 20. Ng3 f6 21.
Nd3 Nxd3 22. Bxd3 Rxc1 23. Rxc1 f5 24. Qd1 Qg5 25. Bf1 h6 26. Qe1 Kh7 27. a5
Qf6 28. axb6 Rd6 29. Qd2 Rxb6 30. Bc4 Qf8 31. Nh5 Qf7 32. Bxd5 Bxd5 33. Nf4 Qb7
34. Qe2 Rxb2  1/2-1/2

[Event "2. Bundesliga Ost 2019/2020"]
[Site "alle Wien"]
[Date "2019.10.19"]
[Round "1"]
[Board "6"]
[White "Froewis, Annika"]
[Black "Plank, Franz"]
[Result "1-0"]
[WhiteElo "2074"]
[BlackElo "2172"]
[PlyCount "57"]
[EventDate "2019.10.19"]
[EventType "team"]
[EventRounds "11"]
[EventCountry "AUT"]
[WhiteTeam "SC Donaustadt"]
[BlackTeam "mpimmo Wien - SK Ottakring"]

1. e4 d5 2. exd5 Qxd5 3. Nc3 Qa5 4. d4 Nf6 5. Nf3 Bf5 6. Ne5 c6 7. Bc4 e6 8. g4
Bg6 9. h4 b5 10. Bb3 b4 11. Ne2 Be4 12. Rh3 Nbd7 13. Nc4 Qa6 14. g5 Bd5 15. Qd3
c5 16. gxf6 Nxf6 17. Bf4 O-O-O 18. Ne5 Qb7 19. Bc4 Bxc4 20. Qxc4 Rd5 21. a3 Bd6
22. axb4 Bxe5 23. Bxe5 Kd7 24. Nc3 cxb4 25. Nxd5 Nxd5 26. Qa6 Qxa6 27. Rxa6 Rc8
28. Rxa7+ Ke8 29. Kd2  1-0

[Event "2. Bundesliga Ost 2019/2020"]
[Site "alle Wien"]
[Date "2019.10.19"]
[Round "1"]
[Board "1"]
[White "Polak, Tomas"]
[Black "Baumegger, Siegfried"]
[Result "1-0"]
[WhiteElo "2527"]
[BlackElo "2432"]
[PlyCount "79"]
[EventDate "2019.10.19"]
[EventType "team"]
[EventRounds "11"]
[EventCountry "AUT"]
[WhiteTeam "SK Hietzing"]
[BlackTeam "tschaturanga"]

1. d4 Nf6 2. c4 e6 3. Nc3 Bb4 4. e3 b6 5. Nge2 Ne4 6. Bd2 Nxd2 7. Qxd2 O-O 8.
a3 Be7 9. g3 Bb7 10. d5 a5 11. Bg2 Na6 12. Rb1 Nc5 13. b4 axb4 14. axb4 Na6 15.
Na2 c5 16. O-O exd5 17. cxd5 d6 18. bxc5 dxc5 19. Rfd1 Bd6 20. Nec3 Bc8 21. Qb2
Rb8 22. Nb5 Nc7 23. Nxd6 Qxd6 24. e4 Re8 25. f4 f6 26. Re1 b5 27. e5 fxe5 28.
fxe5 Qb6 29. Qf2 b4 30. Nc3 Rf8 31. Qe3 Bf5 32. Rb2 Qa6 33. d6 bxc3 34. Rxb8
Rxb8 35. dxc7 Rc8 36. e6 Qd3 37. Qxd3 Bxd3 38. e7 Bg6 39. Bd5+ Kh8 40. Bb7  1-0

[Event "2. Bundesliga Ost 2019/2020"]
[Site "alle Wien"]
[Date "2019.10.19"]
[Round "1"]
[Board "2"]
[White "Morgunov, Marc"]
[Black "Penz, Harald"]
[Result "1/2-1/2"]
[WhiteElo "2280"]
[BlackElo "2278"]
[PlyCount "83"]
[EventDate "2019.10.19"]
[EventType "team"]
[EventRounds "11"]
[EventCountry "AUT"]
[WhiteTeam "tschaturanga"]
[BlackTeam "SK Hietzing"]

1. e4 e5 2. Nf3 Nf6 3. Nc3 Nc6 4. d4 exd4 5. Nxd4 Bb4 6. Nxc6 bxc6 7. Bd3 O-O
8. O-O d5 9. exd5 cxd5 10. Bg5 c6 11. Na4 Re8 12. c4 Be6 13. Rc1 Be7 14. Re1
Qa5 15. Bd2 Bb4 16. Bxb4 Qxb4 17. a3 Qd6 18. Be2 Rad8 19. cxd5 Bxd5 20. Nc3 Qe6
21. Bf1 Qxe1 22. Qxe1 Rxe1 23. Rxe1 Be6 24. f3 Kf8 25. Kf2 Rd2+ 26. Re2 Rxe2+
27. Bxe2 Ke7 28. Ke3 Nd5+ 29. Nxd5+ Bxd5 30. Bd3 c5 31. Kd2 h6 32. Kc3 f6 33.
b4 Kd6 34. b5 Bf7 35. a4 Be8 36. a5 Bf7 37. Be4 Kc7 38. f4 Be6 39. f5 Bf7 40.
g3 Ba2 41. Bf3 Bf7 42. Be4  1/2-1/2

[Event "2. Bundesliga Ost 2019/2020"]
[Site "alle Wien"]
[Date "2019.10.19"]
[Round "1"]
[Board "3"]
[White "Mozny, Milos"]
[Black "Sadilek, Maximilian"]
[Result "1/2-1/2"]
[WhiteElo "2256"]
[BlackElo "2313"]
[PlyCount "32"]
[EventDate "2019.10.19"]
[EventType "team"]
[EventRounds "11"]
[EventCountry "AUT"]
[WhiteTeam "SK Hietzing"]
[BlackTeam "tschaturanga"]

1. d4 Nf6 2. Nf3 g6 3. g3 c5 4. c4 Bg7 5. Bg2 O-O 6. O-O Nc6 7. Nc3 d6 8. dxc5
dxc5 9. Be3 Qa5 10. Qb3 h6 11. Rfd1 Nd7 12. Rac1 Rb8 13. Rd5 Nb4 14. Rdd1 Nc6
15. Rd5 Nb4 16. Rdd1 Nc6  1/2-1/2

[Event "2. Bundesliga Ost 2019/2020"]
[Site "alle Wien"]
[Date "2019.10.19"]
[Round "1"]
[Board "4"]
[White "Morgunov, Daniel"]
[Black "Wagner, Leopold Franziskus"]
[Result "1-0"]
[WhiteElo "2337"]
[BlackElo "2098"]
[PlyCount "59"]
[EventDate "2019.10.19"]
[EventType "team"]
[EventRounds "11"]
[EventCountry "AUT"]
[WhiteTeam "tschaturanga"]
[BlackTeam "SK Hietzing"]

1. e4 c5 2. Nf3 d6 3. Bb5+ Nd7 4. O-O Ngf6 5. Re1 a6 6. Bf1 g6 7. c3 Bg7 8. d4
cxd4 9. cxd4 O-O 10. Nc3 e6 11. Bf4 Qe7 12. e5 Ne8 13. exd6 Qd8 14. d5 Ndf6 15.
Bc4 Nh5 16. dxe6 Bxe6 17. Bg5 Bf6 18. Bxf6 Nhxf6 19. Bxe6 fxe6 20. Rxe6 Qd7 21.
Qb3 Kh8 22. Ne5 Qd8 23. Rd1 Nd7 24. Nd5 Ng7 25. Nxg6+ hxg6 26. Qh3+ Kg8 27.
Ne7+ Kf7 28. Rxg6 Nf6 29. Rxf6+ Kxf6 30. Qh6+  1-0

[Event "2. Bundesliga Ost 2019/2020"]
[Site "alle Wien"]
[Date "2019.10.19"]
[Round "1"]
[Board "5"]
[White "Todor, Razvan"]
[Black "Sadilek, Peter"]
[Result "1/2-1/2"]
[WhiteElo "2171"]
[BlackElo "2280"]
[PlyCount "78"]
[EventDate "2019.10.19"]
[EventType "team"]
[EventRounds "11"]
[EventCountry "AUT"]
[WhiteTeam "SK Hietzing"]
[BlackTeam "tschaturanga"]

1. d4 Nf6 2. Nf3 g6 3. g3 b6 4. Bg2 Bb7 5. O-O Bg7 6. c4 O-O 7. Nc3 Ne4 8. Bd2
e6 9. Be1 c5 10. Rc1 Na6 11. Na4 d5 12. cxd5 Bxd5 13. dxc5 Naxc5 14. b4 Nxa4
15. Qxa4 Qe7 16. b5 Qb7 17. Bb4 Rfd8 18. Rfd1 a6 19. a3 a5 20. Be1 Rac8 21. Rc2
Rxc2 22. Qxc2 Rc8 23. Qb1 Nc3 24. Bxc3 Rxc3 25. Ne1 Bxg2 26. Nxg2 Qc7 27. Qe4
Rc1 28. Ne3 Rxd1+ 29. Nxd1 Qc1 30. Qd3 a4 31. Kg2 Bf8 32. Qd4 Qxa3 33. Qxb6 Qb4
34. Qc6 a3 35. Nc3 Bc5 36. Ne4 a2 37. Qa8+ Kg7 38. Nxc5 Qxc5 39. Qxa2 Qxb5
 1/2-1/2

[Event "2. Bundesliga Ost 2019/2020"]
[Site "alle Wien"]
[Date "2019.10.19"]
[Round "1"]
[Board "6"]
[White "Matt, Fabian"]
[Black "Prager, Manfred"]
[Result "1-0"]
[WhiteElo "2303"]
[BlackElo "1972"]
[PlyCount "65"]
[EventDate "2019.10.19"]
[EventType "team"]
[EventRounds "11"]
[EventCountry "AUT"]
[WhiteTeam "tschaturanga"]
[BlackTeam "SK Hietzing"]

1. d4 Nf6 2. Nf3 d5 3. Bf4 c6 4. e3 Nbd7 5. c4 e6 6. Nc3 Be7 7. Bd3 O-O 8. h3
dxc4 9. Bxc4 Nb6 10. Be2 Nbd5 11. Bh2 Bb4 12. Qb3 Qa5 13. Rc1 Ne4 14. O-O Bxc3
15. bxc3 Nexc3 16. Bd3 Na4 17. e4 Nf6 18. Bd6 Nb6 19. e5 Nfd7 20. Rfe1 Qa4 21.
Qc3 Nd5 22. Qd2 Re8 23. Rc4 Qa6 24. Re4 f5 25. Rh4 Nf8 26. g4 Ng6 27. Qg5 Ndf4
28. Bf1 Qxa2 29. d5 Ne2+ 30. Bxe2 Qxe2 31. Rxh7 Kxh7 32. Qh5+ Kg8 33. Ng5  1-0

[Event "2. Bundesliga Ost 2019/2020"]
[Site "alle Wien"]
[Date "2019.10.19"]
[Round "1"]
[Board "1"]
[White "Sharashenidze, Akaki"]
[Black "Lizak, Peter"]
[Result "0-1"]
[WhiteElo "2373"]
[BlackElo "2460"]
[PlyCount "64"]
[EventDate "2019.10.19"]
[EventType "team"]
[EventRounds "11"]
[EventCountry "AUT"]
[WhiteTeam "SK Advisory Invest Baden"]
[BlackTeam "Data Technology Pressbaum/E."]

1. e4 e6 2. d4 d5 3. Nd2 h6 4. c3 c5 5. exd5 exd5 6. Ngf3 Nf6 7. Bb5+ Bd7 8.
Qe2+ Be7 9. Ne5 O-O 10. Nxd7 Nbxd7 11. O-O Re8 12. dxc5 Bxc5 13. Qf3 Ne5 14.
Qf5 Re6 15. Nb3 Bb6 16. Bf4 Ng6 17. Bg3 h5 18. Rad1 h4 19. Bf4 Nxf4 20. Qxf4
Re4 21. Qf5 Qd6 22. Nd2 Rf4 23. Qh3 Rxf2 24. Kh1 Qf4 25. Nf3 Ne4 26. Qxh4 Qxh4
27. Nxh4 Rxb2 28. Rxd5 Nf2+ 29. Kg1 Ng4+ 30. Kh1 Ne3 31. Rdf5 Nxf5 32. Rxf5 g6
 0-1

[Event "2. Bundesliga Ost 2019/2020"]
[Site "alle Wien"]
[Date "2019.10.19"]
[Round "1"]
[Board "2"]
[White "Videki, Sandor"]
[Black "Rubil, Marko"]
[Result "1/2-1/2"]
[WhiteElo "2405"]
[BlackElo "2290"]
[PlyCount "41"]
[EventDate "2019.10.19"]
[EventType "team"]
[EventRounds "11"]
[EventCountry "AUT"]
[WhiteTeam "Data Technology Pressbaum/E."]
[BlackTeam "SK Advisory Invest Baden"]

1. Nf3 Nf6 2. c4 c6 3. Nc3 d5 4. d4 dxc4 5. e3 b5 6. a4 b4 7. Na2 a5 8. Bxc4 e6
9. O-O Be7 10. Bd2 O-O 11. Nc1 Nbd7 12. Qe2 Ne4 13. Rd1 Bb7 14. Nb3 Qb6 15. Be1
Rfd8 16. Nfd2 Nxd2 17. Rxd2 c5 18. Bb5 Bd5 19. Nxc5 Nxc5 20. dxc5 Bxc5 21. Rad1
 1/2-1/2

[Event "2. Bundesliga Ost 2019/2020"]
[Site "alle Wien"]
[Date "2019.10.19"]
[Round "1"]
[Board "3"]
[White "Unuk, Laura"]
[Black "Hechl, Gerald"]
[Result "1-0"]
[WhiteElo "2278"]
[BlackElo "2359"]
[PlyCount "67"]
[EventDate "2019.10.19"]
[EventType "team"]
[EventRounds "11"]
[EventCountry "AUT"]
[WhiteTeam "SK Advisory Invest Baden"]
[BlackTeam "Data Technology Pressbaum/E."]

1. d4 g6 2. Nf3 Bg7 3. g3 e6 4. Bg2 Ne7 5. e4 b6 6. O-O Bb7 7. Nc3 d6 8. a4 a6
9. Be3 Nd7 10. Ne1 h6 11. f4 f5 12. Bf2 O-O 13. Qe2 fxe4 14. Nxe4 Nc6 15. c3 e5
16. fxe5 dxe5 17. d5 Ne7 18. c4 Nf5 19. Nd3 a5 20. Rae1 Nd6 21. Qg4 Qe8 22.
Nxd6 cxd6 23. Nf4 h5 24. Qxg6 Qxg6 25. Nxg6 Rf6 26. Bh3 Nc5 27. Bxc5 bxc5 28.
Be6+ Kh7 29. Ne7 Ba6 30. b3 Rb8 31. Bf5+ Kh6 32. Bc2 Kg5 33. h4+ Kg4 34. Kg2
 1-0

[Event "2. Bundesliga Ost 2019/2020"]
[Site "alle Wien"]
[Date "2019.10.19"]
[Round "1"]
[Board "4"]
[White "Neumeier, Klaus"]
[Black "Trippold, Denise"]
[Result "1-0"]
[WhiteElo "2273"]
[BlackElo "2180"]
[PlyCount "49"]
[EventDate "2019.10.19"]
[EventType "team"]
[EventRounds "11"]
[EventCountry "AUT"]
[WhiteTeam "Data Technology Pressbaum/E."]
[BlackTeam "SK Advisory Invest Baden"]

1. c4 e6 2. g3 d5 3. Bg2 Nf6 4. Nf3 c5 5. O-O d4 6. e3 Nc6 7. exd4 cxd4 8. d3
Bd6 9. a3 a5 10. Bg5 h6 11. Bxf6 Qxf6 12. Nbd2 Qe7 13. Re1 O-O 14. Nb3 Qf6 15.
Nbd2 Qd8 16. Rc1 Re8 17. c5 Bc7 18. Nc4 e5 19. Nfd2 f5 20. b4 axb4 21. axb4 Qf6
22. f4 Bd7 23. b5 Nd8 24. fxe5 Bxe5 25. Nb6  1-0

[Event "2. Bundesliga Ost 2019/2020"]
[Site "alle Wien"]
[Date "2019.10.19"]
[Round "1"]
[Board "5"]
[White "Hofegger, Jakob"]
[Black "Schmidrathner, Christian"]
[Result "1/2-1/2"]
[WhiteElo "2177"]
[BlackElo "2092"]
[PlyCount "60"]
[EventDate "2019.10.19"]
[EventType "team"]
[EventRounds "11"]
[EventCountry "AUT"]
[WhiteTeam "SK Advisory Invest Baden"]
[BlackTeam "Data Technology Pressbaum/E."]

1. Nf3 Nf6 2. g3 d6 3. Bg2 e5 4. d3 Be7 5. O-O O-O 6. e4 c6 7. Nbd2 h6 8. Re1
Be6 9. a4 Nbd7 10. Qe2 Qc7 11. b3 b5 12. Bb2 a6 13. d4 Nh7 14. Nf1 Ng5 15. Nxg5
Bxg5 16. Ne3 Bxe3 17. Qxe3 c5 18. dxe5 dxe5 19. Red1 f6 20. Bf1 b4 21. f4 c4
22. bxc4 a5 23. fxe5 Nxe5 24. Rd4 Qc5 25. Kg2 Rad8 26. Qd2 Bg4 27. Rxd8 Bf3+
28. Kh3 Bg4+ 29. Kg2 Bf3+ 30. Kh3 Bg4+  1/2-1/2

[Event "2. Bundesliga Ost 2019/2020"]
[Site "alle Wien"]
[Date "2019.10.19"]
[Round "1"]
[Board "6"]
[White "Wandl, Werner"]
[Black "Herndlbauer, Martin"]
[Result "1/2-1/2"]
[WhiteElo "2021"]
[BlackElo "2047"]
[PlyCount "41"]
[EventDate "2019.10.19"]
[EventType "team"]
[EventRounds "11"]
[EventCountry "AUT"]
[WhiteTeam "Data Technology Pressbaum/E."]
[BlackTeam "SK Advisory Invest Baden"]

1. d4 d5 2. Nf3 Nf6 3. e3 Bg4 4. b3 c5 5. Bb2 cxd4 6. exd4 Nc6 7. Be2 e6 8. O-O
Bd6 9. c4 O-O 10. Nbd2 h6 11. a3 a5 12. Bd3 Bf4 13. h3 Bxd2 14. hxg4 Bf4 15.
Ne5 Nxe5 16. dxe5 Nd7 17. Qe2 Qh4 18. g3 Bxg3 19. fxg3 Qxg3+ 20. Kh1 Qh3+ 21.
Kg1  1/2-1/2

[Event "2. Bundesliga Ost 2019/2020"]
[Site "alle Wien"]
[Date "2019.10.19"]
[Round "1"]
[Board "1"]
[White "Horvath, Dominik"]
[Black "Vlcek, Stanislav"]
[Result "1-0"]
[WhiteElo "2433"]
[BlackElo "2297"]
[PlyCount "123"]
[EventDate "2019.10.19"]
[EventType "team"]
[EventRounds "11"]
[EventCountry "AUT"]
[WhiteTeam "ASVOE Pamhagen"]
[BlackTeam "Amateure"]

1. Nf3 Nf6 2. c4 g6 3. Nc3 Bg7 4. g3 O-O 5. Bg2 c6 6. e4 d6 7. d4 Qa5 8. O-O
Qh5 9. e5 dxe5 10. Nxe5 Ng4 11. Nf3 Re8 12. Re1 Nd7 13. h3 Nh6 14. g4 Qa5 15.
Ne4 Qc7 16. c5 Rd8 17. Qb3 Nf8 18. Neg5 Ne6 19. Be3 b6 20. Rad1 Rb8 21. cxb6
Rxb6 22. Qc2 Nf4 23. Bxf4 Qxf4 24. Rxe7 Bf6 25. Re4 Qb8 26. b3 Rb5 27. Qxc6
Rxg5 28. Qxf6 Rgd5 29. Rde1 Bb7 30. Re7 R5d7 31. g5 Rd6 32. Qe5 Nf5 33. Re8+
Rxe8 34. Qxe8+ Qxe8 35. Rxe8+ Kg7 36. Ne5 Bxg2 37. Kxg2 f6 38. gxf6+ Kxf6 39.
Rf8+ Ke6 40. Nf3 Nxd4 41. Ng5+ Kd5 42. Nxh7 Ra6 43. Rd8+ Ke5 44. Nf8 Rxa2 45.
Nxg6+ Ke4 46. Re8+ Kf5 47. Nh4+ Kf6 48. Rb8 Ra3 49. b4 Kg5 50. Rg8+ Kf6 51. Rg4
Rd3 52. Rg6+ Ke5 53. Rg5+ Ke6 54. Ra5 Rb3 55. Rxa7 Rxb4 56. Ra6+ Ke5 57. Ng6+
Kf5 58. Ne7+ Ke5 59. Ra5+ Ke6 60. Nd5 Rb3 61. Ne3 Kf6 62. h4  1-0